000 00924nam a2200205 u 4500
001 000305824
003 AM-YeHGA
005 20250618071948.0
008 030910s1968 ai r 000 0 arm d
040 _aAM-YeHGA
041 0 _aarm
100 1 _aՂարիբյան, Ռուբեն Զաքարի,
_d1914-
_92660
245 1 0 _aԼուսիկի կատուն :
_b[Բանաստեղծություններ] : Նախադպր. հասակի երեխաների համար /
_cՌ.Ղարիբյան; Խմբ.՝ Էդ.Ս. Ավագյան; Նկ.՝ Վ. Կարապետյան.
260 _aԵրևան :
_bՀայաստան,
_c1968.
300 _a9 էջ :
_bգունանկ. ;
_c25 սմ.
650 1 4 _aՀայ մանկական գրականություն
_xԲանաստեղծություն
700 1 _aԱվագյան, Էդուարդ Սամվելի,
_d1927-2010
_eխմբ.
_4edt
_91279
700 1 _aԿարապետյան, Վ.
_eնկ.
_4art
090 _c114065
999 _c112726
_d112726